000 00569nam a2200229Ia 4500
008 210210b2010 xxu||||| |||| 00| 0 eng d
020 _a9788173716713
041 _aeng
082 _a612.0028 PALT
100 _aPAL (G K)
245 _aTextbook of practical physiology Ed 3
250 _a
260 _aHyderabad
_bUniversities Press (India) Private Limited
_c2010
300 _axii,436
650 _aTextbook
650 _apractical
650 _aphysiology
650 _aof
690 _aHuman Physiology
700 _aPAL (Pravati)
906 _a065047
999 _c141663
_d141663